| 000 | 00623nam a2200229Ia 4500 | ||
|---|---|---|---|
| 003 | OSt | ||
| 005 | 20220926015025.0 | ||
| 006 | a|||||r|||| 00| 0 | ||
| 007 | ta | ||
| 008 | 220923b |||||||| |||| 00| 0 eng d | ||
| 037 | _cGeneral Book | ||
| 040 |
_aRTL _cRTL _beng |
||
| 041 |
_2eng _aeng |
||
| 082 | _aY7, N6/TD | ||
| 100 |
_aLindqvist Sven _9321491 |
||
| 245 | 0 | _aExterminate all the Brutes | |
| 260 |
_aNew York _bNew Press _c1966 |
||
| 300 |
_a179p. _ccm. |
||
| 700 |
_a Tate Joan Tr. _9144272 |
||
| 942 |
_hY7, N6/TD _cGB _2CC |
||
| 999 |
_c630402 _d630402 |
||